000 00639nam a22001937a 4500
005 20170823120522.0
010 _aENG-119987
020 _a9789384782481
_c250.00
035 _aEN-103519
037 _bDBAD/PUB
082 _a342.54
100 _aTiwari, M.P.
245 _aConstitution development in India /
_cby M.P. Tiwari
260 _aDisha International Publishing House
_bDelhi
_c2016
270 _aF7, Gali No-1, Panchsheel Garden Extension, Naveen Shahadra
_bDelhi
_e1100032
300 _aviii,276p.
_c23cm(pbk)
500 _aIncludes bibliographical references and index
942 _2ddc
_cEN
_h342.54
_mTIW
999 _c143700
_d143700